Clash Royale en Images - Statistiques

Statistiques générales
  • Ce quiz a été pris 2 747 fois
  • Le résultat moyen est 14 sur 16
Statistiques - réponses
Par images Réponse % Correct
Chevalier
99%
Bûcheron
95%
Tesla
95%
Boule de feu
92%
Dragon de l'enfer
92%
Mini P.E.K.K.A
90%
Princesse
90%
Sorcier de glace
89%
Bombardier
87%
Gargouilles
87%
Géant Royal
87%
Armée de squelettes
86%
Barbares d'élite
86%
Prince ténébreux
84%
Gang de gobelins
81%
Gardes
80%
Aucun quiz correspondant
Distribution des résultats
% des personnes avec chaque résultat
Percentile par nombre de réponses
Votre historique - résultats
Vous n’avez pas pris ce quiz